Seminario encuentro 88: la cooperación internacional y su contribución a la integración, la democracia y la paz en Centroamérica Informe final /
Uloženo v:
| Hlavní autor: | |
|---|---|
| Korporace: | , , |
| Médium: | Text |
| Jazyk: | Spanish |
| Vydáno: |
Guatemala:
SIECA
1988
|
| Tagy: |
Přidat tag
Žádné tagy, Buďte první, kdo vytvoří štítek k tomuto záznamu!
|
MARC
| LEADER | 00000 a a2200000 04500 | ||
|---|---|---|---|
| 001 | 24489 | ||
| 003 | cru IIS | ||
| 005 | 20220426062540.0 | ||
| 008 | 220118s1988 gt|||||| |||| 00| 0 spa d | ||
| 020 | |a [sin ISBN] | ||
| 040 | |a Centro de Recursos para el Aprendizaje y la Investigación |b español |c cru IIS | ||
| 090 | |a 01.02.01 B687s | ||
| 100 | |9 10262 |a Bolaños, Eduardo | ||
| 110 | 2 | |a FLACSO (Guatemala) |9 4866 | |
| 245 | |a Seminario encuentro 88: |b la cooperación internacional y su contribución a la integración, la democracia y la paz en Centroamérica Informe final / |c FLACSO | ||
| 260 | |a Guatemala: |b SIECA |c 1988 | ||
| 300 | |a 132 páginas | ||
| 500 | |a Colección Centroamérica | ||
| 650 | 0 | 7 | |0 TESAUROS |
| 710 | |9 10263 |a SIECA | ||
| 710 | 2 | |9 3426 |a Fundación Friedrich Ebert | |
| 852 | 1 | 1 | |a 01.02.01 B687s |
| 942 | |2 ddc |c LI |h 01.02.01 B687s |6 010201_B687S | ||
| 999 | |c 17150 |d 17150 | ||
